000 00594nam a2200229Ia 4500
005 20231129115414.0
008 131103s9999 xx 000 0 und d
020 _a8173043825
_cRs 250
040 _aLoreto College
041 _aEnglish
082 _a396
_bROY
245 _aWomen in Early Indian Societies
_cEdited by Kumkum Roy
260 _aNew Delhi
_bManohar
_c2005
300 _axiv,335p
504 _aIncludes bibliography
630 _aGender Studies
650 _aWomen Histories
651 _aWomen Studies
700 _aRoy, Kumkum, ed
850 _aLCLIB
942 _cBK
999 _c12895
_d63374